000 00644nam a2200301Ia 4500
005 20260401122440.0
008 008 250103s9999 xx 000 0 eng d
020 _a9788125043249
037 _aTB
040 _aEDL
040 _beng
040 _cEDL
041 _2eng
041 _aeng
084 _a821DAS
084 _qEDL
100 _aDas, Kamala
_91233655
245 4 _aThe old playhouse and other poems
245 0 _cDas, Kamala
260 _aDelhi
260 _bOrient Blackswan
260 _c2011
300 _a55p
942 _cTB
942 _h821DAS
999 _c1847354
_d1847354